Quentin Tarantino Films - Statistics

General Stats
  • This quiz has been taken 183 times
    158 since last reset
  • The average score is 10 of 16
Answer Stats
Year Cast Film % Correct
1994 John Travolta, Samuel L. Jackson Pulp Fiction
98%
2003 Lucy Liu, Uma Thurman Kill Bill Vol. 1
96%
2004 David Carradine, Michael Madsen Kill Bill Vol. 2
96%
2012 Jamie Foxx, Kerry Washington Django Unchained
95%
1992 Harvey Keitel, Steve Buscemi Reservoir Dogs
88%
2019 Leonardo DiCaprio, Margot Robbie Once upon a Time in Hollywood
87%
2009 Brad Pitt, Christoph Waltz Inglourious Basterds
75%
2015 Jennifer Jason Leigh, Walton Goggins The Hateful Eight
75%
1997 Pam Grier, Robert Forster Jackie Brown
71%
2007 Kurt Russell, Rosario Dawson Death Proof
51%
1996 George Clooney, Quentin Tarantino From Dusk Till Dawn
40%
1993 Christopher Walken, Gary Oldman True Romance
36%
1995 Madonna, Tim Roth Four Rooms
29%
1994 Robert Downey Jr., Tommy Lee Jones Natural Born Killers
21%
2005 Brittany Murphy, Bruce Willis Sin City
21%
1987 Allen Garfield, Quentin Tarantino My Best Friend's Birthday
14%
No matching quizzes found
Score Distribution
Percent of People with Each Score
Percentile by Number Answered
Your Score History
You have not taken this quiz since the last reset